000 00389pab a2200145 454500
008 180718b2002 xxu||||| |||| 00| 0 eng d
100 _aArmstrong, H.W. et al
245 _aThe evaluation of community economic development initiatives
260 _c2002
300 _ap.457-81.
362 _aMar
650 _aEconomic and social development
773 _aUrban Studies
909 _a54145
999 _c54145
_d54145